Freeware jak zdarma vybavit počítač softwarem

Uložené v:
Podrobná bibliografia
Hlavný autor: Tůma, Pavel (Autor)
Médium: Kniha
Jazyk:Czech
Vydavateľské údaje: Bratislava : Grada Publishing, 2006
Predmet:
Tagy: Pridať tag
Žiadne tagy, Buďte prvý, kto otaguje tento záznam!

MARC

LEADER 00000nam a22000003a 4500
001 stu114079
005 20220511135543.7
008 060310s2006----xr------------------cze-d
020 |a 80-247-1332-2 
040 |a STU  |b slo 
041 0 |a cze 
044 |a xr 
080 |a 681.324 
100 1 |a Tůma, Pavel  |4 aut 
245 1 |a Freeware jak zdarma vybavit počítač softwarem 
260 |a Bratislava :  |b Grada Publishing,  |c 2006 
300 |a 264 s. 
650 7 |a software  |2 estusub 
650 7 |a Norton Commander 7.0  |2 stusub 
996 |b 284EK86184  |c E*86184  |l EE01  |s A  |a 24  |w stu114079_0001